| 000 | 00462nam a22001697a 4500 | ||
|---|---|---|---|
| 005 | 20251108172731.0 | ||
| 008 | 250721s2002 xx 000 0 ara d | ||
| 082 | 1 | 4 | _a956.50224/معو |
| 100 | 1 |
_aمعوض، مجدي فاروق _eمؤلف |
|
| 245 | 1 | 0 | _aالقائد / |
| 264 | 1 |
_aعمان : _b] د.ن [، _c2002. |
|
| 300 | _a428ص. | ||
| 650 | 1 | 7 | _aتاريخ الأردن |
| 650 | 1 | 7 | _aالتاريخ السياسي |
| 942 |
_2ddc _cBK |
||
| 999 |
_c87132 _d87132 |
||